AH International Schools' Libraries

A Paintbrush for Joni (Record no. 49096)

MARC details
000 -LEADER
fixed length control field 00383nam a22001217a 4500
008 - FIXED-LENGTH DATA ELEMENTS--GENERAL INFORMATION
fixed length control field 250804b |||||||| |||| 00| 0 eng d
020 ## - INTERNATIONAL STANDARD BOOK NUMBER
International Standard Book Number 9780736989299
100 ## - MAIN ENTRY--PERSONAL NAME
Personal name Joni and Friends (Author), Amélie Videlo (Artist)
9 (RLIN) 86443
245 ## - TITLE STATEMENT
Title A Paintbrush for Joni
260 ## - PUBLICATION, DISTRIBUTION, ETC. (IMPRINT)
Place of publication, distribution, etc United States
Name of publisher, distributor, etc Harvest Kids
Date of publication, distribution, etc 2025
300 ## - PHYSICAL DESCRIPTION
Extent 48 pages
Other physical details col. ill.
Dimensions 7.35 x 0.47 x 9.23 inches
942 ## - ADDED ENTRY ELEMENTS (KOHA)
Source of classification or shelving scheme
Holdings
Withdrawn status Lost status Source of classification or shelving scheme Damaged status Not for loan Collection code Home library Current library Date acquired Total Checkouts Full call number Barcode Date last seen Price effective from Koha item type
          Siem Reap Asian Hope Siem Reap Asian Hope Siem Reap 08/04/2025   FIC JOH 209078 08/04/2025 08/04/2025 Book

For any Logos Library related questions please contact Miss Art at swongnarasuk@asianhope.org.

For any Asian Hope Library related questions please contact Miss Raza at graza@asianhope.org.

Click here to explore our ebooks!

Powered by Koha